Welcome to the Holygrace Academy Library

Please use search bar below to get started

PRESTIGE BOY (Record no. 7642)

MARC details
000 -LEADER
fixed length control field 00398nam a22001577a 4500
020 ## - INTERNATIONAL STANDARD BOOK NUMBER
ISBN 978-81-226-1361-0
082 ## - DEWEY DECIMAL CLASSIFICATION NUMBER
Classification number 894.812.3
Item number KHA/P
100 ## - MAIN ENTRY--AUTHOR NAME
Personal name KHALID KALLUR
245 ## - TITLE STATEMENT
Title PRESTIGE BOY
246 ## - VARYING FORM OF TITLE
Title proper/short title PRESTIGE BOY
Remainder of title PRESTIGE BOY
260 ## - PUBLICATION, DISTRIBUTION, ETC. (IMPRINT)
Place of publication THRISSUR
Name of publisher CURRENT BOOKS
Year of publication 2016
300 ## - PHYSICAL DESCRIPTION
Number of Pages 116
520 ## - SUMMARY, ETC.
Summary, etc MALAYALAM SHORTSTORIES WITH MORALS
650 ## - SUBJECT ADDED ENTRY--TOPICAL TERM
Topical Term MALAYALAM SHORT STORIES
942 ## - ADDED ENTRY ELEMENTS (KOHA)
Koha item type Books
Holdings
Withdrawn status Lost status Collection code Home library Current library Shelving location Date acquired Source of acquisition Cost, normal purchase price Full call number Accession Number Koha item type
    Fiction Main Library Main Library NEW SHELF WITH NEW ENTRY 20/11/2023 Purchase 100.00 894.812.3 KHA/P 13373 Books